Harry Potter Inquisitorial Squad Quiz Stats

 Plays Quiz Updated Jul 24, 2018

Also try: Dumbledore's Army
Challenge
Share
Tweet
Embed
Score 0/7 Timer 03:00
0 Plays Today
Inquisitorial Squad Member % Correct
Draco Malfoy
99.5%
Gregory Goyle
94.1%
Vincent Crabbe
93.4%
Pansy Parkinson
74.4%
Millicent Bulstrode
37.9%
Graham Montague
24%
Cassius Warrington
18.8%

You're not logged in!

Compare scores with friends on all Sporcle quizzes.
Join for Free
OR
Log In

You Might Also Like...

Show Comments

Extras

Top Quizzes Today


Score Distribution

Your Account Isn't Verified!

In order to create a playlist on Sporcle, you need to verify the email address you used during registration. Go to your Sporcle Settings to finish the process.

Report this User

Report this user for behavior that violates our Community Guidelines.

Details: